Проблемы качества изделий из вторичных полимерных материалов; Известия Томского политехнического университета [Известия ТПУ]; Т. 305, вып. 5

Dettagli Bibliografici
Parent link:Известия Томского политехнического университета [Известия ТПУ]/ Томский политехнический университет (ТПУ).— , 2000-
Т. 305, вып. 5.— 2002.— [С. 192-196]
Autore principale: Реутов Ю. И.
Altri autori: Реутов А. И., Грошев А. Р.
Riassunto:Заглавие с титульного листа
Электронная версия печатной публикации
Показано существование противоречия между терминами «качество» и «отходы полимерных материалов» при изготовлении изделий различного назначения. Для решения этой проблемы при использовании вторичных полимеров предлагается производить оценку надежности изделий, как основного показателя качества, по вероятности безотказной работы изделий. Приведены результаты оценки надежности изделий из конструкционных термопластов с различным содержанием отходов для различных критериев работоспособности.
Lingua:russo
Pubblicazione: 2002
Soggetti:
Accesso online:http://www.lib.tpu.ru/fulltext/v/Bulletin_TPU/2002/v305/i5/38.pdf
Natura: MixedMaterials Elettronico Capitolo di libro
KOHA link:https://koha.lib.tpu.ru/cgi-bin/koha/opac-detail.pl?biblionumber=165897

MARC

LEADER 00000nla2a2200000 4500
001 165897
005 20231031161947.0
035 |a (RuTPU)RU\TPU\book\179960 
035 |a RU\TPU\book\179959 
090 |a 165897 
100 |a 20090923d2002 k y0rusy50 ca 
101 0 |a rus 
102 |a RU 
135 |a drnn ---uucaa 
181 0 |a i  
182 0 |a b 
200 1 |a Проблемы качества изделий из вторичных полимерных материалов  |b Электронный ресурс  |f Ю. И. Реутов, А. И. Реутов, А. Р. Грошев 
203 |a Текст  |c электронный 
215 |a 1 файл (2.1 Мб) 
230 |a Электронные текстовые данные (1 файл : 2.1 Мб) 
300 |a Заглавие с титульного листа 
300 |a Электронная версия печатной публикации 
320 |a Библиогр.: 3 назв. 
330 |a Показано существование противоречия между терминами «качество» и «отходы полимерных материалов» при изготовлении изделий различного назначения. Для решения этой проблемы при использовании вторичных полимеров предлагается производить оценку надежности изделий, как основного показателя качества, по вероятности безотказной работы изделий. Приведены результаты оценки надежности изделий из конструкционных термопластов с различным содержанием отходов для различных критериев работоспособности. 
337 |a Adobe Reader 
461 1 |0 (RuTPU)RU\TPU\book\176237  |t Известия Томского политехнического университета [Известия ТПУ]  |f Томский политехнический университет (ТПУ)  |d 2000- 
463 1 |0 (RuTPU)RU\TPU\book\179741  |t Т. 305, вып. 5  |o тематический выпуск НИИ интроскопии и кафедры "Физические методы и приборы контроля качества"  |f Томский политехнический университет (ТПУ), Научно-исследовательский институт интроскопии (НИИ ИН) ; под ред. В. Л. Чахлова, О. И. Сидуленко, В. К. Кулешова  |v [С. 192-196]  |d 2002 
610 1 |a труды учёных ТПУ 
610 1 |a электронный ресурс 
610 1 |a изделия 
610 1 |a полимерные материалы 
610 1 |a качество 
610 1 |a отходы 
610 1 |a изготовление 
610 1 |a оценка надежности 
610 1 |a показатели качества 
610 1 |a безотказная работа 
610 1 |a конструкционные термопласты 
700 1 |a Реутов  |b Ю. И. 
701 1 |a Реутов  |b А. И. 
701 1 |a Грошев  |b А. Р. 
801 1 |a RU  |b 63413507  |c 20090623  |g PSBO 
801 2 |a RU  |b 63413507  |c 20210419  |g PSBO 
856 4 |u http://www.lib.tpu.ru/fulltext/v/Bulletin_TPU/2002/v305/i5/38.pdf 
942 |c CF